000 00813nam a2200241 i 4500
001 bg
100 1 _aPRZYBYŁOWICZ, Karol
_d(1930- ).
245 1 0 _aRepetytorium z materiałoznawstwa.
_nCz.4,
_pFazy i przemiany w metalach i stopach /
_cKarol Przybyłowicz, Janusz Przybyłowicz.
250 _aWyd. 2.
260 _aKielce :
_bWydaw. PŚ,
_c2002.
300 _a137 s. :
_bil. ;
_c24 cm.
490 1 _aSkrypty / Politechnika Świętokrzyska,
_x0239-6386 ;
_vnr 381
504 _aIndeks.
650 9 _aStopy (metalurg.)
655 _aPodręczniki akademickie
700 1 _aPRZYBYŁOWICZ, Janusz
830 0 _aSkrypty (Politechnika Świętokrzyska) ;
_vnr 381
040 _cBPK
041 0 _apol
080 _a669.017/.018:621.7:539.3/.6](075.8)
942 _cKS
008 s pl f |000 0 pol
999 _c43269
_d43269
856 _uhttp://koha.tu.koszalin.pl/cgi-bin/koha/opac-detail.pl?biblionumber=43269
_yKatalog online BPK